Μιγαδικά γραμμικά συστήματα : πτυχιακή εργασία
Αντικείμενο μελέτης αυτής της εργασίας, είναι τα μιγαδικά γραμμικά συστήματα, δηλαδή, οι γραμμικές διαορικές εξισώσεις που έχουν λύση στοσύνολο των μιγαδικών αριθμών.Συγκεκριμένα, στο Κεάλαιο 1 ορίζουμε τον χώρο H(G) και εισάγουμε τηνέννοια του εμελιώδη πίνακα.Το Κεάλαιο 2 χωρίζεται σε δύο μέρη. Το...
Αποθηκεύτηκε σε:
| Κύριος συγγραφέας: | |
|---|---|
| Συγγραφή απο Οργανισμό/Αρχή: | |
| Μορφή: | Thesis Βιβλίο |
| Γλώσσα: | Greek |
| Δημοσίευση: |
2013.
|
| Θέματα: | |
| Διαθέσιμο Online: | http://hdl.handle.net/11610/8059 |
| Ετικέτες: |
Προσθήκη ετικέτας
Δεν υπάρχουν, Καταχωρήστε ετικέτα πρώτοι!
|
MARC
| LEADER | 00000cam a2200000 i 4500 | ||
|---|---|---|---|
| 001 | 1/38946 | ||
| 008 | 131203s2013 gr | ||| |||| ||gre|| | ||
| 035 | |l 10116113 | ||
| 040 | |a GR-MyUA |b gre |e AACR2 | ||
| 041 | 0 | |a gre | |
| 082 | 0 | |a 515.354 |2 (22) | |
| 100 | 1 | |a Κωνσταντινάκη, Θεοδώρα. | |
| 245 | 1 | 0 | |a Μιγαδικά γραμμικά συστήματα : |b πτυχιακή εργασία / |c Θεοδώρα Κωνσταντινάκη ; επιβλέπων καθηγητής, Ευάγγελος Στεφανόπουλος. |
| 260 | |c 2013. | ||
| 300 | |a x, 48 σ. ; |c 30 εκ. | ||
| 500 | |a Μέλη της εξεταστικής επιτροπής: Νικόλαος Καραχάλιος, Ευάγγελος Στεφανόπουλος, Ευάγγελος Φελουζής. | ||
| 502 | |a Πτυχιακή εργασία – Πανεπιστήμιο Αιγαίου, Σάμος, 2013. | ||
| 504 | |a Περιέχει βιβλιογραφικές αναφορές. | ||
| 506 | 1 | |a Διάθεση πλήρους κειμένου ; |d Ενδοπανεπιστημιακή δημοσίευση. | |
| 520 | |a Αντικείμενο μελέτης αυτής της εργασίας, είναι τα μιγαδικά γραμμικά συστήματα, δηλαδή, οι γραμμικές διαορικές εξισώσεις που έχουν λύση στοσύνολο των μιγαδικών αριθμών.Συγκεκριμένα, στο Κεάλαιο 1 ορίζουμε τον χώρο H(G) και εισάγουμε τηνέννοια του εμελιώδη πίνακα.Το Κεάλαιο 2 χωρίζεται σε δύο μέρη. Το 1ο μέρος αναέρεται σε μεμονωμένα ανώμαλα σημεία και το 2ο μέρος στα ασθενώς ανώμαλα σημεία, στηνανωμαλία στο άπειρο, όπως επίσης και στις εξισώσεις Fuchs.Στο Κεάλαιο 3 ασχολούμαστε με τα αναπτύγματα των λύσεων των διαορικών εξισώσεων σε σειρές στην γειτονιά ενός ασθενώς ανώμαλου σημείου.Το 2ο μέρος αυτής της εργασίας περιλαμβάνει κάποιες Εαρμογές και Πα-αδείγματα. Στο Κεάλαιο 4 συναντάμε τις γραμμικές εξισώσεις δεύτερηςτάξης. Δίνουμε ορισμούς και εωρήματα που μας οηθάνε να ταξινομήσουμετις ανωμαλίες που συναντάμε. Παραθέτουμε επίσης κάποια χαρακτηριστικάπαραδείγματα όπως η εξίσωση Bessel, η υπεργεωμετρική εξίσωση, και η εξίσωση του Legendre. | ||
| 540 | |a Κλειδωμένη η δυνατότητα αντιγραφής (copy) του κειμένου. | ||
| 610 | 2 | 0 | |a University of the Aegean |x Dissertations. |
| 650 | 0 | 0 | |a Differential equations, Linear. |
| 700 | 1 | |a Στεφανόπουλος, Ευάγγελος, |e dgs | |
| 710 | 2 | |a Πανεπιστήμιο Αιγαίου. |b Σχολή Θετικών Επιστημών. |b Τμήμα Μαθηματικών. | |
| 852 | |a INST |b SAMOS |c DIATR |e 20131203 |h 515.354 ΚΩΝ |p 005300036116 |q 005300036116 |t DIE |y 23 | ||
| 852 | |a INST |b SAMOS |c DIATR |e 20131203 |h 515.354 ΚΩΝ |p 005300036117 |q 005300036117 |t DIE |y 23 | ||
| 856 | |u http://hdl.handle.net/11610/8059 | ||
| 901 | |a BIBL3-2013-3 | ||
| 909 | |a Σ |b 184295 | ||
| 909 | |a Σ |b 184296 | ||
| 924 | |a ΚΩΝΣΤΑΝΤΙΝΑΚΗ |b ΘΕΟΔΩΡΑ |y Σάμος |z 2013-10 | ||
| 970 | |a ΚΟΣΙΕΡΗΣ |b ΧΡΗΣΤΟΣ |z 2013/12/03 | ||